000 00522nam a2200181Ia 4500
005 20260429112040.0
008 260429s9999||||xx |||||||||||||| ||und||
020 _a9788199237940
041 _aEnglish
082 _a515.353
_bSNE
100 _aSneddon, Ian N.
245 0 _aElements of partial differential equations /
_cIan N. Sneddon
260 _aDelhi :
_bAcademic Publication,
_c2026.
300 _avii, 327 p.; pbk
650 _a Applied mathematics
650 _aPartial differential equations
942 _cTB
999 _c52080
_d52080